000 00898nas a2200277 4500
001 BR8705893
003 BR-BrBNA
005 20231205090820.0
007 ta
008 230509b bl.|||p| |||| 00| 00por d
040 _aBR-BrBNA
_bpor
_cBiblioteca Nacional de Agricultura
041 _a(Pt)
072 _aF30; H20
100 1 _aFelicio, J.C.
100 1 _aBarros, B.C.
100 1 _aCamargo, C.E.O.
100 1 _aIssa, E.
245 1 _aEstudo de linhagens hibridas de trigo visando resistencia a ferrugem do colmo (Puccinia graminis Tritici)a partir do cultivar recorrente BH-1146
650 _aTRIGO
650 _aLINHAGEM
650 _aFERRUGEM DO COLMO
650 _aVARIEDADE RESISTENTE
773 0 _tArquivos do Instituto Biologico (Brazil)
_xISSN 0020-3653
_g(Jan-Dec 1982), v. 49(1-4) p. 55-58
_wBR8705893
909 _a202311
_bLúcia
_c55
_dLúcia Elande
942 _2AGRIS
_n0
_cANA
999 _c121030
_d121030